Информационные технологии в продвижении Монголии как туристской дестинации; Информационные технологии в науке, управлении, социальной сфере и медицине; Ч. 2
| Parent link: | Информационные технологии в науке, управлении, социальной сфере и медицине: сборник научных трудов III Международной научной конференции, 23-26 мая 2016 г., Томск.— , 2016 Ч. 2.— 2016.— [С. 23-25] |
|---|---|
| Hoofdauteur: | |
| Coauteur: | |
| Andere auteurs: | |
| Samenvatting: | Заглавие с титульного экрана Information technologies have impact on activity of travel companies which is connected with features of a tourist product. Modern computer technologies have special impact on advance of a tourist product. Mongolia has huge potential for development of tourist sector. However information technologies in Mongolia aren't used competently and in sufficient volume. |
| Taal: | Russisch |
| Gepubliceerd in: |
2016
|
| Reeks: | Информационные технологии и моделирование в управлении производственными системами и управлении персоналом |
| Onderwerpen: | |
| Online toegang: | http://earchive.tpu.ru/handle/11683/31424 |
| Formaat: | MixedMaterials Elektronisch Hoofdstuk |
| KOHA link: | https://koha.lib.tpu.ru/cgi-bin/koha/opac-detail.pl?biblionumber=618910 |
MARC
| LEADER | 00000naa2a2200000 4500 | ||
|---|---|---|---|
| 001 | 618910 | ||
| 005 | 20231101133032.0 | ||
| 035 | |a (RuTPU)RU\TPU\conf\17303 | ||
| 090 | |a 618910 | ||
| 100 | |a 20160621d2016 k y0rusy50 ca | ||
| 101 | 0 | |a rus | |
| 102 | |a RU | ||
| 105 | |a y z 101zy | ||
| 135 | |a drgn ---uucaa | ||
| 181 | 0 | |a i | |
| 182 | 0 | |a b | |
| 200 | 1 | |a Информационные технологии в продвижении Монголии как туристской дестинации |d Iinformation technologies in advance of Mongolia as tourist destination |f Цэвэгмэд Гантуяа, Г. О. Фангманн | |
| 203 | |a Текст |c электронный | ||
| 225 | 1 | |a Информационные технологии и моделирование в управлении производственными системами и управлении персоналом | |
| 230 | |a 1 компьютерный файл (pdf; 415 Kb) | ||
| 300 | |a Заглавие с титульного экрана | ||
| 320 | |a [Библиогр.: с. 25 (3 назв.)] | ||
| 330 | |a Information technologies have impact on activity of travel companies which is connected with features of a tourist product. Modern computer technologies have special impact on advance of a tourist product. Mongolia has huge potential for development of tourist sector. However information technologies in Mongolia aren't used competently and in sufficient volume. | ||
| 461 | 1 | |0 (RuTPU)RU\TPU\conf\17281 |t Информационные технологии в науке, управлении, социальной сфере и медицине |o сборник научных трудов III Международной научной конференции, 23-26 мая 2016 г., Томск |o в 2 ч. |d 2016 | |
| 463 | 1 | |0 (RuTPU)RU\TPU\conf\17287 |t Ч. 2 |f Национальный исследовательский Томский политехнический университет (ТПУ) ; под ред. О. Г. Берестневой [и др.] |v [С. 23-25] |d 2016 | |
| 510 | 1 | |a Iinformation technologies in advance of Mongolia as tourist destination |z eng | |
| 610 | 1 | |a труды учёных ТПУ | |
| 610 | 1 | |a электронные ресурсы | |
| 610 | 1 | |a информационные технологии | |
| 610 | 1 | |a путешествия | |
| 610 | 1 | |a телекоммуникационные системы | |
| 610 | 1 | |a туризм | |
| 700 | 0 | |a Цэвэгмэд Гантуяа | |
| 701 | 1 | |a Фангманн |b Г. О. |c экономист |c доцент Томского политехнического университета, кандидат экономических наук |f 1953- |g Галина Олеговна |2 stltpush |3 (RuTPU)RU\TPU\pers\34304 | |
| 712 | 0 | 2 | |a Национальный исследовательский Томский политехнический университет (ТПУ) |b Институт социально-гуманитарных технологий (ИСГТ) |b Кафедра менеджмента (МЕН) |h 150 |2 stltpush |3 (RuTPU)RU\TPU\col\18855 |
| 801 | 2 | |a RU |b 63413507 |c 20160912 |g RCR | |
| 856 | 4 | |u http://earchive.tpu.ru/handle/11683/31424 | |
| 942 | |c BK | ||